| 000 | 01047nmc a2200265 a 4500 | ||
|---|---|---|---|
| 003 | AR-BaBNM | ||
| 005 | 20251128203044.0 | ||
| 008 | 136119s1971 ||||||||||||||000 | spa|| | ||
| 040 | _cAR-BaBNM | ||
| 100 | 1 | _aJensen, Gale E. | |
| 245 | 1 | 0 |
_aSociología educacional _bintroducción a su desarrollo como campo práctico de estudio |
| 260 |
_aBuenos Aires _bTroquel _c1971 |
||
| 300 | 0 | _a130 p. | |
| 490 | 0 | _aBiblioteca de la Nueva Educación | |
| 500 | 1 | _aEsta publicación ha sido preparada conjuntamente por la editorial y el Centro Regional de Ayuda Técnica, Agencia para el Desarrollo Internacional. El Centro fue una organización dedicada a producir versiones en español del material fílmico e impreso que e | |
| 504 | _aBibliografía: p. 121-124 | ||
| 650 | 4 | _aSOCIOLOGIA DE LA EDUCACION | |
| 650 | 4 | _aESTADO Y EDUCACION | |
| 650 | 4 | _aORGANIZACION DE LA EDUCACION | |
| 653 | 0 | _aINVESTIGACION EDUCATIVA | |
| 700 | 1 |
_aChami, Lidia _etraductor |
|
| 700 | 1 |
_aHallenbeck, Wilbur C. _eprologuista |
|
| 942 | _cBK | ||
| 998 | _cSILVI | ||
| 999 |
_c1686 _d1686 |
||